000 00654nam a2200241Ia 4500
003 OSt
005 20220928113653.0
006 a|||||r|||| 00| 0
007 ta
008 220927b |||||||| |||| 00| 0 eng d
024 _a28759
037 _cTextual
040 _aSDCL
_cSDCL
_beng
041 _2eng
_aeng
082 _aX:9.2'P, P1
100 _aSingh Y P Ed.
245 0 _aEffective personnel management
260 _aNew Delhi
_bAnmol Publications
_c2001
300 _avii,272p
_ccm.
490 _aEncyclopaedia of management for 21st century
942 _hX:9.2'P, P1
_cTEXL
_2CC
999 _c750714
_d750714